Les os du corps humain par nombre et localisation - Statistiques

Statistiques générales
  • Ce quiz a été pris 139 fois
  • Le résultat moyen est 22 sur 58
Statistiques - réponses
Hint Réponse % Correct
2 Membres inférieurs Jambe Tibia
81%
2 Membres inférieurs Cuisse Fémur
79%
2 Membres supérieurs Bras Humérus
76%
2 Membres supérieurs Epaule Clavicule
70%
28 Membres supérieurs Main Phalange
70%
28 Membres inférieurs Pied Phalange
70%
2 Membres supérieurs Avant-bras Radius
70%
2 Membres supérieurs Epaule Omoplate
66%
1 Tête Crâne Frontal
60%
2 Tête Oreille Marteau
59%
1 Tête Face Mandibule
57%
1 Tête Crâne Occipital
57%
2 Tête Oreille Etrier
56%
2 Tête Oreille Enclume
54%
2 Tête Crâne Pariétal
53%
2 Membres supérieurs Avant-bras Ulna
53%
2 Tête Face Maxillaire
50%
2 Tête Crâne Temporal
46%
2 Tête Face Zygomatique
46%
2 Membres inférieurs Jambe Fibula
44%
2 Tête Face Nasal
44%
1 Tête Crâne Ethmoïde
41%
2 Membres supérieurs Poignet Scaphoïde
41%
1 Tête Crâne Sphénoïde
40%
2 Membres inférieurs Cuisse Patella
37%
7 Tronc Cou Vertèbres cervicales 2 mots
37%
1 Tronc Cou Hyoïde
36%
5 Tronc Abdomen Vertèbres lombaires 2 mots
36%
2 Membres supérieurs Poignet Lunatum
34%
12 Tronc Thorax Vertèbres thoraciques 2 mots
34%
2 Membres supérieurs Poignet Pisiforme
33%
2 Tête Face Lacrymal
31%
2 Membres supérieurs Poignet Trapèze
31%
2 Membres supérieurs Poignet Trapézoïde
31%
2 Membres supérieurs Poignet Triquetrum
31%
2 Membres supérieurs Poignet Hamatum
30%
2 Membres supérieurs Poignet Capitatum
29%
1 Tête Face Vomer
29%
2 Membres inférieurs Pied Calcanéus
27%
2 Membres inférieurs Pied Cuboïde
27%
2 Tête Face Palatin
27%
2 Hanches Main Pubis
27%
2 Membres inférieurs Pied Talus
27%
1 Tête Face Cornet nasal inférieur 3 mots
24%
4 Tronc Thorax Côtes flottantes 2 mots
24%
10 Membres supérieurs Main Métacarpien
24%
2 Membres inférieurs Pied Naviculaire
24%
10 Membres inférieurs Pied Métatarsien
23%
4 Membres inférieurs Pied Sésamoïde
21%
6 Membres supérieurs Main Sésamoïde
21%
2 Hanches Main Ilium
19%
2 Hanches Main coxal
17%
14 Tronc Thorax Vraies côtes 2 mots
17%
6 Membres inférieurs Pied Cunéiforme
16%
1 Membres supérieurs Epaule Manubrium sternal 2 mots
16%
6 Tronc Thorax Fausse côtes 2 mots
9%
5 Tronc Bassin Vertèbres sacrées 2 mots
7%
5 Tronc Bassin Vertèbres coccygiennes 2 mots
4%
Aucun quiz correspondant
Distribution des résultats
% des personnes avec chaque résultat
Percentile par nombre de réponses
Votre historique - résultats
Vous n’avez pas pris ce quiz